MDQL
is popping MORE tags! Check the
thread
!
Quizzes
Events
Quiz Creation
Community
Videos
Private Events
Remove Ads
Sign In
Join for FREE
Feedback
Dark Mode
Quiz Categories
Sports
Geography
Music
Movies
Television
Just For Fun
Miscellaneous
History
Literature
Language
Science
Gaming
Entertainment
Religion
Holiday
For Kids
Quiz Lab
Recent
Popular Today
Quiz Kudos Today
Editor Picks
Curator Picks
Quizzes by...
Day
Popularity
Type
Ratings
Length
Year
Community
Subscriptions
Recent Discussions
Orange Saloon
Badges
Playlists
Quests
Create
Leaderboards
Showdown
Live 5
Trivia Bingo
Activity
Puzzle Library
Sporcle Events
Private Events
Virtual Trivia
Globe League
Become a Host
Pub Owners
SporcleCon
Opinionation
Our Games
Videos
Blog
Mobile Apps
Partnerships
Remove Ads and Go Orange
Feedback
Geography
Country
Landmarks
City
State
Population
World
Capital
Continent
Flags
Europe
Africa
Asia
South America
North America
Oceania
Border
Canada
United Kingdom
Topography
United States
Geography
Country
Landmarks
City
State
Population
World
Capital
Continent
Flags
Europe
Africa
Asia
South America
North America
Oceania
Border
Canada
United Kingdom
Topography
United States
Random Quiz
Search Sporcle
×
Quiz Lab
Quiz Lab
Geography
Population
Click on answers out of a set of options
Click on answers out of a set of options
Multiple Choice
Best Score? Go Orange.
Most Populous US Cities by State Stats
Can you choose the Most Populous U.S. Cities by State while avoiding the decoys?
By
awesomeness365
6m
50 Questions
267 Plays
267 Plays
267 Plays
Comments
Comments
Give Quiz Kudos
Give Quiz Kudos
-
- Ratings
hide this ad
More Info
Random Order
Randomize order of answers
Randomize order of answers
Replay
Link that replays current quiz
Next Quiz
Link to next quiz in quiz playlist
You Got
0%
They Got
Avg Score
78%
Avg Friend Score
Upgrade to see
Score Distribution
Jump to the score distribution portion of the page
Score
0/50
Timer
06:00
0
Plays Today
Question
Answer
Wrong Answers
New York
New York City
93.3%
Buffalo
0%
Rochester
0%
Albany
1.1%
Hawaii
Honolulu
92.1%
Kailua
0%
Hilo
0.7%
Kapolei
0%
Arizona
Phoenix
92.1%
Tuscon
1.5%
Chandler
0%
Mesa
0%
Utah
Salt Lake City
92.1%
Provo
0.7%
West Valley City
0%
West Jordan
0%
Washington
Seattle
91%
Spokane
0.4%
Vancouver
0%
Tacoma
0.7%
Massachusetts
Boston
90.6%
Worcester
0%
Springfield
0.7%
Lowell
0.4%
Rhode Island
Providence
90.6%
Warwick
1.1%
Cranston
0.4%
Pawtucket
0.4%
Nevada
Las Vegas
90.3%
Reno
0.4%
Henderson
0%
Carson City
1.9%
Indiana
Indianapolis
90.3%
South Bend
0.4%
Evansville
0%
Fort Wayne
0.7%
Michigan
Detroit
89.9%
Warren
0%
Ann Arbor
0%
Grand Rapids
1.9%
Idaho
Boise
89.5%
Pocatello
0.7%
Idaho Falls
1.5%
Nampa
1.5%
Maryland
Baltimore
89.5%
Columbia
1.9%
German Town
0%
Silver Spring
0.7%
Illinois
Chicago
89.5%
Aurora
0%
Rockford
0.4%
Springfield
1.5%
Mississippi
Jackson
89.1%
Gulfport
1.5%
Southaven
0.4%
Biloxi
1.5%
Pennsylvania
Philadelphia
89.1%
Harrisburg
1.1%
Pittsburgh
3%
Allentown
0%
Colorado
Denver
88.8%
Fort Collins
0%
Aurora
0.4%
Colorado Springs
3%
Georgia
Atlanta
88.4%
Macon
0%
Augusta
1.5%
Columbus
1.5%
Minnesota
Minneapolis
88.4%
Saint Paul
3.7%
Bloomington
0%
Duluth
0.7%
Louisiana
New Orleans
88%
Baton Rouge
5.2%
Lafayette
0%
Shreveport
0%
Arkansas
Little Rock
87.6%
Springdale
0.7%
Fayetteville
3%
Fort Smith
0%
Oregon
Portland
87.6%
Eugene
1.5%
Salem
3%
Bend
0.4%
Oklahoma
Oklahoma City
87.3%
Tulsa
5.2%
Norman
0%
Broken Arrow
0%
California
Los Angeles
86.9%
San Francisco
2.6%
San Diego
1.1%
San Jose
1.1%
Wisconsin
Milwaukee
84.3%
Madison
5.2%
Green Bay
3%
Kenosha
0%
Alaska
Anchorage
82.4%
Juneau
6%
Fairbanks
3.4%
Sitka
0.4%
Iowa
Des Moines
82%
Sioux City
4.9%
Davenport
1.1%
Cedar Rapids
4.1%
Wyoming
Cheyenne
81.6%
Casper
6.7%
Gillette
0.7%
Laramie
4.1%
Kentucky
Louisville
80.5%
Frankfort
2.6%
Bowling Green
0.4%
Lexington
7.5%
New Mexico
Albuquerque
80.5%
Santa Fe
11.6%
Las Cruces
0%
Rio Rancho
0%
West Virginia
Charleston
80.1%
Parkersburg
0.7%
Huntington
7.1%
Wheeling
3.7%
Nebraska
Omaha
77.2%
Bellevue
0.4%
Lincoln
13.5%
Grand Island
0.7%
Vermont
Burlington
76.8%
Colchester
0.4%
Essex
1.1%
Montpelier
15%
Maine
Portland
74.5%
Bangor
4.1%
Augusta
12.4%
Lewiston
0.4%
Alabama
Birmingham
73.4%
Montgomery
14.2%
Mobile
3.4%
Huntsville
1.1%
South Dakota
Sioux Falls
73.4%
Pierre
5.2%
Rapid City
12%
Aberdeen
1.1%
North Carolina
Charlotte
72.7%
Raleigh
15.7%
Greensboro
2.6%
Durham
1.1%
Texas
Houston
72.7%
Dallas
15%
Austin
2.6%
San Antonio
3.7%
New Jersey
Newark
72.7%
Jersey City
10.9%
Trenton
7.9%
Paterson
0%
North Dakota
Fargo
69.3%
Minot
0.7%
Grand Forks
4.1%
Bismarck
18.4%
New Hampshire
Manchester
68.2%
Concord
19.9%
Derry
0.7%
Nashua
3%
Montana
Billings
67%
Helena
15.7%
Missoula
7.1%
Great Falls
3%
Ohio
Columbus
63.3%
Toledo
0.7%
Cincinnati
7.1%
Cleveland
21.3%
Delaware
Wilmington
62.5%
Middleton
0%
Newark
8.6%
Dover
21%
Virginia
Virginia Beach
61.8%
Chesapeake
1.1%
Norfolk
3.4%
Richmond
25.5%
Florida
Jacksonville
61.4%
Orlando
1.9%
Tampa
1.5%
Miami
26.6%
Tennessee
Memphis
58.1%
Knoxville
0.7%
Chattanooga
0%
Nashville
34.8%
Missouri
Kansas City
55.8%
Springfield
2.6%
St. Louis
33.7%
Independence
0%
Kansas
Wichita
54.7%
Topeka
8.2%
Kansas City
27.7%
Overland Park
1.5%
South Carolina
Columbia
47.6%
Mount Pleasant
0%
Charleston
44.6%
Rock Hill
0.7%
Connecticut
Bridgeport
46.4%
New Haven
12.4%
Hartford
30.3%
Stamford
4.1%
Quiz Playlist
Details
Report
Send in Message
Add To Playlist
More Info:
Population is determined by city-proper (not including the suburbs).
Multiple Choice:
Click on answers out of a set of options
Random Order:
Randomize order of answers
Quiz Source
Last Updated: Feb 16, 2017
Quiz Scoreboard
CHALLENGE
Sign Up to Join the Scoreboard
Show All
Scores
Hide
Comments
May contain spoilers
Recently Published
1-10 Letter E Words III
by El_Dandy
Language
2m
Street Fighter Characters
by Artimus82
Gaming
60s
College Basketball Coaching Resumes
by pancakes188
Sports
9m
More to Explore
Quiz From the Vault
Featured Blog Post
Where Did the Easter Bunny Come From?
hide this ad
You Might Also Like...
Tags
City Quiz
Population Quiz
State Quiz
United States Quiz
Highest Population
Largest Population
Populous City
US Cities
Today's Top Quizzes in Geography
Browse Geography
hide this ad
Today's Top Quizzes in Population
Browse Population
Top Contributed Quizzes in Geography
1
Countries of the World - No Outlines Minefield
2
Top 25 Cities of France on a map
3
Any capital of a 'B' country per Continent
4
Any capital of a 'C' country per Continent
5
Closest Countries to UK A-Z
6
Any capital of a 'D' country per Continent
7
5-to-1: US Geography No Hints
8
Any capital of an 'E' country per Continent
9
Find the US States - No Outlines
10
Any capital of an 'F' country per Continent
Explore More
Trending Topics
Kpop
Disney
Marvel
NBA
Crossword
Harry Potter
Anime
The Office
Pokémon
Song
WWE
Soccer
Puzzle
Country
NFL
hide this ad
More By:
awesomeness365
Quiz
Plays
Rating
Category
Featured
Created
Harry Potter Venn Diagram
185,731
4.65
Literature
Aug 16, 2016
Male Actors by 3 Top Movies
157,508
4.69
Movies
Jan 24, 2017
Countries of the World Venn Diagram
150,017
4.61
Geography
Aug 19, 2016
Countries of the World Venn Diagram II
139,272
4.64
Geography
Sep 4, 2016
Celebrities Venn Diagram
121,304
4.33
Entertainment
Mar 18, 2017
Go to Creator's Profile
Score Distribution
Quiz Creator Spotlight
awesomeness365
Follow
Send a Message
Quizzes Created
-
Created Quiz Play Count
-
More By This Creator
Popular Quizzes Today
1
Find the US States - No Outlines Minefield
2
Find the Countries of Europe - No Outlines Minefield
3
The Countries of the World
4
Find the US States
5
Risky Map Clicking: Biggest States A-Z
6
US States
7
Popular People in 1961
8
Movies - When Are They Set?
More Geography Quizzes
Get the Picture: Four Corners
Curator's Pick
Trending Quizzes
Risky Map Clicking: Least Populous States A-Z
1-10 Letter G Words
1-10 Letter F Words
Countries of the World: 200 Million BC
Risky Map Clicking: Next State Alphabetically
Recently Updated
Most Oscar Losses (Acting)
pecheneg
Beyoncé Albums
pecheneg
Leaping Animals
pecheneg
Reality TV Shows (A-Z)
bhenderson79
Rickey Henderson's Hall of Fame Teammates
pecheneg
Champions League XIs: Arsenal
pecheneg
Quick Pick: Celebrities in WWE's Hall of Fame
aduchscher
A-Z Keypad Blitz II
pecheneg
Multiple Oscar Actors
pecheneg
Mystery Phrase Blitz: Oscar 'Best Actors'
pecheneg
Trending Topics
Disney
NBA
Crossword
Marvel
Anime
Kpop
Harry Potter
Pokémon
Country
WWE
Song
NFL
Soccer
The Office
Puzzle
Your Account Isn't Verified!
In order to create a playlist on Sporcle, you need to verify the email address you used during registration. Go to your
Sporcle Settings
to finish the process.
Report this User
Report this user for behavior that violates our
Community Guidelines
.
Details:
Send Report
Go to the Sporcle.com Mobile Site →
Comments